| 000 | 00599nam a22001817a 4500 | ||
|---|---|---|---|
| 003 | BD-DhUL | ||
| 005 | 20180110095202.0 | ||
| 008 | 180110s1981 bg |||| |||| 000 0 ben d | ||
| 040 |
_aBD-DhUL _cBD-DhUL |
||
| 082 |
_a891.443 _bRAE |
||
| 100 | 1 | _aকরীম, রশীদ। | |
| 245 | 1 |
_aএকালের রূপকথা / _cরশীদ করীম। |
|
| 260 |
_aঢাকা : _bমুক্তধারা, _c১৯৮০। |
||
| 300 |
_a৮৪ পৃ. ; _c২২ সেমি. |
||
| 650 | 4 | _aবাংলা উপন্যাস | |
| 650 | 4 | _a Bengali fiction | |
| 942 |
_2ddc _cBK |
||
| 999 |
_c236951 _d236951 |
||